000 00210nam a2200109Ia 4500
100 _a#N/A
650 _aComputer/ IT
942 _cBK
245 _aSECURITY SPECIAL : 8.5GB
260 _b#N/A
546 _aENGLISH
999 _c28169
_d28169